000 00951cam a22002531 4500
001 13936
003 BD-RjUL
005 20211208235535.0
008 140203s1948 nyuab b 001 0 eng d
035 _a(BD-RjUL)13988
040 _aU.S. Dept. of Agr. Libr.
_cCtWeharU
_dOCoLC
_dDLC
_d(BD-RjUL)
_beng
041 _aeng
082 0 0 _a634.9
_bKIF 1948
100 1 _aKittredge, Joseph,
_d1890-
_943568
245 1 0 _aForest influences :
_bthe effects of woody vegetation on climate, water, and soil, with applications to the conservation of water and the control of floods and erosion /
_c by Joseph Kittredge
260 _aNew York ;
_aLondon :
_bMcGraw-Hill Book Co.,
_cc1948.
300 _ax, 394 p. :
_billus. ;
_c24 cm.
490 0 _aThe American forestry series
504 _aIncludes bibliographical References: (p. 369-386) and index
650 0 _aForest influences.
_943569
942 _2ddc
_cBK
999 _c13936
_d13936